000 00948nam a2200289 a 4500
001 2839816
005 20211207142445.0
008 841127s1983 pk fabc 001 0aeng
010 _a 83930917
020 _cRs150.00
040 _aDLC
_cDLC
_dDLC
043 _aa-ii---
_aa-pk---
050 0 0 _aDS386
_b.M8 1983
082 0 0 _a954.9045
_aB
_219
_bMUS
100 1 _aMusa, Mohammed.
_985933
245 1 0 _aMy version :
_bIndia-Pakistan war, 1965 /
_cMohammad Musa.
250 _a1st ed.
260 _aLahore :
_bWajidalis,
_c1983.
300 _axvii, 125 p., [17] p. of plates :
_bill., maps, ports. ;
_c23 cm.
500 _aIncludes index.
600 1 0 _aMusa, Mohammed.
_985933
610 1 0 _aPakistan.
_bArmy
_xBiography.
_985934
650 0 _aIndia-Pakistan Conflict, 1965
_xPersonal narratives, Pakistani.
_985935
650 0 _aGenerals
_zPakistan
_xBiography.
_985936
906 _a7
_bcbc
_corignew
_d3
_encip
_f19
_gy-gencatlg
942 _2ddc
_cBK
999 _c587177
_d587177